000 00785nam a22002177a 4500
005 20240530110352.0
008 141228s2009 ly bo g b 001 0 ara d
020 _a9781907187001
040 _aEG-CaGPL
041 0 _aara
082 0 4 _221
_a961.208\
_bم إ
100 0 _aمحمد يوسف المقريف
245 1 0 _aانقلاب بقيادة مخبر /
_cمحمد يوسف المقريف
300 _a508 ص :
_bايض ؛
_c24 سم
504 _aببليوجرافية : ص 459 - 465
651 0 4 _aليبيا
_xالاحوال السياسية
651 0 4 _aليبيا
_xتاريخ
_yالعصر الحديث
_xثورة
651 0 4 _aليبيا
_xتاريخ
_yالعصر الحديث
_yمعمر القذافى
942 _2ddc
_cBK
999 _c60101
_d60101